| 000 | 00852nam a2200217 a 4500 | ||
|---|---|---|---|
| 001 | 000039178 | ||
| 005 | 20240521193439.0 | ||
| 008 | 130606s2010 dr 000 0 spa d | ||
| 020 | _a9789945003352 | ||
| 040 |
_aDO-SdBNP _bspa _cBNPHU |
||
| 082 |
_a342.7293 _bJ82d, 2010 |
||
| 100 | 1 |
_aRamírez Morillo, Belarminio, _d1964- _92520 |
|
| 245 | 1 | 0 |
_aDerecho constitucional dominicano : _bestado social de derecho y procedimiento constitucional / _cBelarminio Ramírez Morillo. |
| 260 |
_aSanto Domingo : _bFundación de Estudios Sociopolíticos, Jurídicos y Económicos, _c2010. |
||
| 300 |
_a803 p. ; _c23 cm. |
||
| 504 | _aBibliografía : p. 771-794 | ||
| 590 | _aInventariado, 2018/MFF | ||
| 650 | 0 |
_aDerecho constitucional _910314 |
|
| 651 | 4 |
_aRepública Dominicana _xDerecho Constitucional _99303 |
|
| 910 | _aValidado. Control de calidad MMOLINA | ||
| 999 |
_c38668 _d38668 |
||